[Event "LTU-ch Rapid"]
[Site "Taujenai"]
[Date "2022.12.03"]
[Round "5"]
[White "Ivanauskas, Raimundas"]
[Black "Morkunas, Gustas"]
[Result "1/2-1/2"]
[WhiteElo "1647"]
[BlackElo "2101"]
[PlyCount "106"]
[EventDate "2022.12.03"]
[EventType "swiss (rapid)"]
[EventRounds "10"]
[EventCountry "LTU"]
[SourceTitle "CBM 211 Extra"]
[Source "ChessBase"]
[SourceDate "2023.01.31"]
[SourceVersion "1"]
[SourceVersionDate "2023.01.31"]
[SourceQuality "1"]

1. e4 c5 2. Nf3 e6 3. Nc3 a6 4. d4 cxd4 5. Nxd4 Qc7 6. a3 Nf6 7. Be3 d6 8. Be2 Be7 9. Qd2 b5 10. f3 Bb7 11. 0-0 0-0 12. Rac1 Nbd7 13. Kh1 Rac8 14. Rfd1 Ne5 15. Qe1 Nc4 16. Bxc4 Qxc4 17. Nb3 Qc7 18. Qf2 Nd7 19. Rd2 Ne5 20. Nd1 Nc4 21. Re2 a5 22. Nd2 Nxe3 23. Qxe3 Bf6 24. c3 Ba6 25. Re1 g6 26. Nb3 Bg7 27. Nd4 e5 28. Ne2 f5 29. exf5 gxf5 30. Qg5 Qf7 31. Ng3 Kh8 32. Nh5 Rg8 33. Nxg7 Rxg7 34. Qh4 Rcg8 35. Rg1 Bb7 36. Qf2 Qh5 37. Ne3 Rg6 38. Rcd1 Rh6 39. Nf1 f4 40. Rd3 Qf5 41. Qd2 d5 42. Rxd5 Bxd5 43. Qxd5 Qe6 44. Qxe6 Rxe6 45. Nd2 b4 46. axb4 axb4 47. Ne4 bxc3 48. bxc3 Rd8 49. h3 Kg7 50. Ra1 Re7 51. Ra2 Kf7 52. Rb2 Rc7 53. Rc2 Rd1+ 1/2-1/2

[Event "Panevezys op-B"]
[Site "Panevezys"]
[Date "2022.07.01"]
[Round "2"]
[White "Saviciauskas, Germantas"]
[Black "Ivanauskas, Raimundas"]
[Result "1-0"]
[WhiteElo "1140"]
[BlackElo "1676"]
[PlyCount "130"]
[EventDate "2022.07.01"]
[EventType "swiss"]
[EventRounds "7"]
[EventCountry "LTU"]
[SourceTitle "EXT 2023"]
[Source "ChessBase"]
[SourceDate "2022.10.05"]
[SourceVersion "1"]
[SourceVersionDate "2022.10.05"]
[SourceQuality "1"]

1. d4 Nf6 2. c4 e6 3. Nf3 d5 4. Nc3 Be7 5. cxd5 exd5 6. Bg5 c6 7. e3 Bf5 8. Bd3 Bxd3 9. Qxd3 Nbd7 10. 0-0 0-0 11. Rfe1 Re8 12. e4 dxe4 13. Nxe4 Nxe4 14. Rxe4 Bxg5 15. Rxe8+ Qxe8 16. Nxg5 Nf6 17. Qb3 Qe7 18. Nf3 Re8 19. h3 Qc7 20. Ne5 Nd5 21. Re1 Qa5 22. Rc1 Re7 23. Nxc6 Re1+ 24. Rxe1 Qxe1+ 25. Kh2 Nb6 26. Nxa7 Qxf2 27. Qxb6 Qf4+ 28. Kg1 Qc1+ 29. Kf2 Qd2+ 30. Kf3 Qd3+ 31. Kf4 g5+ 32. Ke5 Qe3+ 33. Kd5 Qf4 34. Qd8+ Kg7 35. Qe7 Qf1 36. Qxg5+ Kf8 37. Kc5 Qa6 38. Nb5 Qxa2 39. Qh6+ Kg8 40. d5 b6+ 41. Qxb6 Qxb2 42. Qb8+ Kg7 43. d6 Qf2+ 44. Nd4 Qxg2 45. d7 Qg5+ 46. Kb6 Qf6+ 47. Nc6 Qb2+ 48. Kc7 Qh2+ 49. Kb7 Qb2+ 50. Ka8 Qa3+ 51. Qa7 Qd6 52. d8Q Qxc6+ 53. Kb8 Qb5+ 54. Qab6 Qe5+ 55. Kb7 Qe4+ 56. Qc6 Qb4+ 57. Ka6 Qa3+ 58. Qa5 Qd3+ 59. Kb6 Qd8+ 60. Kb5 Qd3+ 61. Qc4 Qd7+ 62. Kb4 Qe7+ 63. Qac5 Qb7+ 64. Kc3 Qf3+ 65. Qd3 Qh5 1-0

[Event "LTU-chT"]
[Site "Lithuania"]
[Date "2020.01.26"]
[Round "2.2"]
[White "Ivanauskas, Raimundas"]
[Black "Pultinevicius, Paulius"]
[Result "0-1"]
[WhiteElo "1749"]
[BlackElo "2510"]
[PlyCount "62"]
[EventDate "2020.01.25"]
[EventType "team-swiss"]
[EventRounds "7"]
[EventCountry "LTU"]
[SourceTitle "CBM 195 Extra"]
[Source "ChessBase"]
[SourceDate "2020.05.31"]
[SourceVersion "1"]
[SourceVersionDate "2020.05.31"]
[SourceQuality "1"]
[WhiteTeam "Rokiskis"]
[BlackTeam "Vilnius MRU"]
[WhiteTeamCountry "LTU"]
[BlackTeamCountry "LTU"]

1. e4 c6 2. Nc3 d5 3. Nf3 Bg4 4. h3 Bxf3 5. Qxf3 e6 6. Be2 Nf6 7. 0-0 Nbd7 8. d4 dxe4 9. Nxe4 Nxe4 10. Qxe4 g6 11. c3 Bg7 12. Bf4 0-0 13. Rfe1 Re8 14. Bc4 b5 15. Bf1 Qb6 16. b4 a5 17. a3 Nf6 18. Qc2 Nd5 19. Bd6 Qd8 20. Bc5 e5 21. Qb3 axb4 22. axb4 Rxa1 23. Rxa1 Qg5 24. g3 e4 25. Kh2 e3 26. Re1 h5 27. Bg2 h4 28. Bxd5 exf2 29. Rxe8+ Kh7 30. Bg2 hxg3+ 31. Kh1 Qc1+ 0-1